Lep tôn-xtôi Tập 1.
v.v...
Đã lưu trong:
| Tác giả chính: | |
|---|---|
| Định dạng: | Sách |
| Năm xuất bản: |
H.:
Văn hóa,
1978
|
| Chủ đề: | |
| Tags: |
Thêm thẻ
Không có thẻ, Hãy là người đầu tiên gắn thẻ bản ghi này!
|
| LEADER | 00506nam a2200145 4500 | ||
|---|---|---|---|
| 082 | |a 891.7 |b SCL457X | ||
| 100 | |a Sclop-xki, V | ||
| 245 | |a Lep tôn-xtôi |c V.Sclop-xki; Hoàng Oanh dịch |n Tập 1. | ||
| 260 | |a H.: |b Văn hóa, |c 1978 | ||
| 300 | |a 642tr.; |c 20000 | ||
| 520 | |a v.v... | ||
| 653 | |a Văn học Nga | ||
| 942 | |2 ddc |c STK | ||
| 999 | |c 12872 |d 12872 | ||
| 952 | |0 0 |1 0 |2 ddc |4 0 |6 891_700000000000000_SCL457X |7 0 |8 800 |9 106997 |a qbu |b qbu |c D5 |d 2016-04-13 |l 2 |o 891.7 SCL457X |p 11865.c1 |r 2016-12-14 |s 2016-12-06 |w 2016-04-13 |y STK | ||